Attack on Titan. 4 : HUMANITY PUSHES BACK! / Hajime Isayama ; [translator, Sheldon Drzka ; lettering, Steve Wands].
"Humanity pushes back! The Survey Corps develops a risky gambit--have Eren in Titan form attempt to repair Wall Rose, reclaiming human territory from the monsters for the first time in a century. But Titan-Eren's self-control is far from perfect, and when he goes on a rampage, not even Armin can stop him! With the survival of humanity on his massive shoulders, will Eren be able to return to his senses, or will he lose himself forever?"--Page 4 of cover.
Record details
- ISBN: 9781612622538
- ISBN: 1612622534
- ISBN: 9781451790191
- ISBN: 1451790198
- ISBN: 9781612629810
- ISBN: 1612629814
- Physical Description: 1 volume (unpaged) : chiefly illustrations ; 19 cm
- Publisher: New York : Kodansha Comics, ©2013.
Content descriptions
| General Note: | Originally published: Japan : Kodansha Ltd. : 2011. Reads from right to left. |
| Formatted Contents Note: | Primitive desire -- One by one -- Necessity -- Delusions of strength -- What should I do now? |
| Target Audience Note: | Rated T, ages 16+. |
| Language Note: | Translated from the Japanese. |
Search for related items by subject
| Subject: | Giants > Comic books, strips, etc. Good and evil > Comic books, strips, etc. aJapan |
| Genre: | Manga. Graphic novels. Horror comic books, strips, etc. Young Adult |
Search for related items by series
Available copies
- 1 of 1 copy available at scottsboropl.
Holds
- 0 current holds with 1 total copy.
Show Only Available Copies
| Location | Call Number / Copy Notes | Barcode | Shelving Location | Status | Due Date |
|---|---|---|---|---|---|
| scottsboropl | YA GN Isa | 32269001234551 | Young Adult - Graphic Novel | Available | - |
| LDR | 03772cam a2200793Ia 4500 | ||
|---|---|---|---|
| 001 | 160075 | ||
| 003 | SBPL | ||
| 005 | 20230224125508.0 | ||
| 008 | 120704s2013 nyua 6 000 1 eng d | ||
| 007 | ta | ||
| 020 | . | ‡a9781612622538 | |
| 020 | . | ‡a1612622534 | |
| 020 | . | ‡a9781451790191 ‡q(Paw Prints) | |
| 020 | . | ‡a1451790198 ‡q(Paw Prints) | |
| 020 | . | ‡a9781612629810 | |
| 020 | . | ‡a1612629814 | |
| 035 | . | ‡a(OCoLC)798613618 ‡z(OCoLC)841187899 ‡z(OCoLC)872337254 ‡z(OCoLC)899240619 ‡z(OCoLC)907568277 ‡z(OCoLC)924519806 ‡z(OCoLC)1149282756 | |
| 050 | 1 | 4. | ‡aPN6790.J34 ‡bS53213 2012 v. 4 |
| 082 | 0 | 4. | ‡a[Fic] |
| 084 | . | ‡aCGN004050 ‡2bisacsh | |
| 100 | 1 | . | ‡aIsayama, Hajime, ‡d1986- |
| 245 | 1 | 0. | ‡aAttack on Titan. ‡n4 : ‡pHUMANITY PUSHES BACK! / ‡cHajime Isayama ; [translator, Sheldon Drzka ; lettering, Steve Wands]. |
| 246 | 0 | . | ‡aAttack on Titan |
| 260 | . | ‡aNew York : ‡bKodansha Comics, ‡c©2013. | |
| 300 | . | ‡a1 volume (unpaged) : ‡bchiefly illustrations ; ‡c19 cm | |
| 336 | . | ‡atext ‡btxt ‡2rdacontent | |
| 336 | . | ‡astill image ‡bsti ‡2rdacontent | |
| 337 | . | ‡aunmediated ‡bn ‡2rdamedia | |
| 338 | . | ‡avolume ‡bnc ‡2rdacarrier | |
| 490 | 1 | . | ‡aAttack on Titan ; ‡vBk 4 |
| 546 | . | ‡aTranslated from the Japanese. | |
| 500 | . | ‡aOriginally published: Japan : Kodansha Ltd. : 2011. | |
| 500 | . | ‡aReads from right to left. | |
| 505 | 0 | . | ‡aPrimitive desire -- One by one -- Necessity -- Delusions of strength -- What should I do now? |
| 521 | 1 | . | ‡aRated T, ages 16+. |
| 520 | . | ‡a"Humanity pushes back! The Survey Corps develops a risky gambit--have Eren in Titan form attempt to repair Wall Rose, reclaiming human territory from the monsters for the first time in a century. But Titan-Eren's self-control is far from perfect, and when he goes on a rampage, not even Armin can stop him! With the survival of humanity on his massive shoulders, will Eren be able to return to his senses, or will he lose himself forever?"--Page 4 of cover. | |
| 650 | 0. | ‡aGiants ‡vComic books, strips, etc. | |
| 650 | 0. | ‡aGood and evil ‡vComic books, strips, etc. | |
| 650 | 0 | . | ‡aaJapan |
| 655 | 4. | ‡aManga. | |
| 655 | 7. | ‡aGraphic novels. ‡2lcgft | |
| 655 | 7. | ‡aHorror comic books, strips, etc. ‡2lcgft | |
| 655 | 7. | ‡aYoung Adult | |
| 700 | 1 | . | ‡aDrzka, Sheldon. |
| 700 | 1 | . | ‡aWands, Steve. |
| 830 | 0. | ‡aAttack on Titan ; ‡vBk 4. | |
| 901 | . | ‡a160075 ‡bAUTOGEN ‡c160075 ‡tbiblio | |